000
00194 a2200097 4500
001
58217
100
_a
245
_a
Air crashes
260
_a
NY
_b
Macmillan Press
_c
1986
090
_c
35717
_d
35717
942
_a
NUST-CAE
_c
_c
28577
999
_c
293290
_d
293290